| 000 | 01272nam a2200289 i 4500 | ||
|---|---|---|---|
| 003 | EG-ScBUE | ||
| 005 | 20240220101916.0 | ||
| 008 | 180207s2003 ua o f b 000 0 ara d | ||
| 040 |
_aEG-ScBUE _bara _erda _cEG-ScBUE _dEG-ScBUE |
||
| 043 | _af-ua--- | ||
| 082 | 0 | 4 |
_a932 _bح و ا _222 |
| 100 | 1 |
_aحواس، زاهي، _d1947- _eمؤلف. |
|
| 245 | 1 | 0 |
_aمعجزة الهرم الأكبر / _cزاهي حواس. |
| 264 | 1 |
_aالقاهرة : _bمطابع الهيئة العامة للكتاب، _c[2003] |
|
| 300 |
_a179 صفحة، [13] صفحة من اللوحات : _bصور ملونة ؛ _c24 سم |
||
| 336 |
_2rdacontent _aنص _btxt |
||
| 337 |
_aبدون وسيط _2rdamedia _bn |
||
| 338 |
_aمجلد _bnc _2rdacarrier |
||
| 500 | _aورد على صفحة العنوان "نسخة مخصصة لجامعة القاهرة لتوزيعها على الطلاب مجانا" | ||
| 504 | _aيشتمل على إرجاعات ببليوجرافية. | ||
| 600 | 0 | 7 |
_aخوفو، _cفرعون مصر، _d2566 قبل الميلاد. _2BUEsh |
| 650 | 7 |
_aالهرم الأكبر (مصر). _2BUEsh |
|
| 651 | 7 |
_aمصر _xآثار _yالعصر الفرعوني، 2980-2475 قبل الميلاد. _2BUEsh |
|
| 653 |
_bGGEN _cFebruary2018 |
||
| 655 | _vReading book | ||
| 942 | _2ddc | ||
| 999 |
_c26124 _d26096 |
||